<?xml version="1.0" encoding="UTF-8"?>
<record
    xmlns:xsi="http://www.w3.org/2001/XMLSchema-instance"
    xsi:schemaLocation="http://www.loc.gov/MARC21/slim http://www.loc.gov/standards/marcxml/schema/MARC21slim.xsd"
    xmlns="http://www.loc.gov/MARC21/slim">

  <leader>00783cam9a220021700 4500</leader>
  <controlfield tag="001">tmp15687967</controlfield>
  <controlfield tag="003">UPRA</controlfield>
  <controlfield tag="005">20190822121611.0</controlfield>
  <controlfield tag="008">951004s1961    at                  eng u</controlfield>
  <datafield tag="035" ind1=" " ind2=" ">
    <subfield code="a">(Sirsi) r52459</subfield>
  </datafield>
  <datafield tag="035" ind1=" " ind2=" ">
    <subfield code="a">(UPRA)tmp15687967</subfield>
  </datafield>
  <datafield tag="040" ind1=" " ind2=" ">
    <subfield code="c">UPRA</subfield>
  </datafield>
  <datafield tag="100" ind1="1" ind2=" ">
    <subfield code="a">Webster, H. C. (Hugh Colin), 1905-</subfield>
    <subfield code="q">Webster, H. C. (Hugh Colin), 1905-</subfield>
    <subfield code="d">Webster, H. C. (Hugh Colin), 1905-</subfield>
    <subfield code="6">A11007.1</subfield>
  </datafield>
  <datafield tag="245" ind1="1" ind2="0">
    <subfield code="a">Medical and biological physics /</subfield>
    <subfield code="c">by H.C. Webster and D.F. Robertson.</subfield>
  </datafield>
  <datafield tag="260" ind1=" " ind2=" ">
    <subfield code="a">Brisbane :</subfield>
    <subfield code="b">University of Queensland,</subfield>
    <subfield code="c">1961.</subfield>
  </datafield>
  <datafield tag="650" ind1=" " ind2="0">
    <subfield code="a">Physics.</subfield>
    <subfield code="6">S40.2</subfield>
  </datafield>
  <datafield tag="650" ind1=" " ind2="0">
    <subfield code="a">Medical physics.</subfield>
    <subfield code="6">S7399.1</subfield>
  </datafield>
  <datafield tag="700" ind1="1" ind2=" ">
    <subfield code="a">Robertson, D. F. (Donald Fyfe)</subfield>
    <subfield code="q">Robertson, D. F. (Donald Fyfe)</subfield>
    <subfield code="6">A11008.1</subfield>
  </datafield>
  <datafield tag="949" ind1=" " ind2=" ">
    <subfield code="a">R895</subfield>
    <subfield code="w">lcc</subfield>
    <subfield code="i">-66753</subfield>
    <subfield code="m">MAIN</subfield>
    <subfield code="t">BOOK</subfield>
    <subfield code="l">ON-SHELF</subfield>
  </datafield>
  <controlfield tag="004">52459</controlfield>
  <datafield tag="999" ind1=" " ind2=" ">
    <subfield code="c">135046</subfield>
    <subfield code="d">135046</subfield>
  </datafield>
</record>
